Butterworths Law Reports : Labour Law (Record no. 1381)
[ view plain ]
| 000 -LEADER | |
|---|---|
| fixed length control field | 00492nam a22001697a 4500 |
| 005 - DATE AND TIME OF INPUT | |
| control field | 20240216092308.0 |
| 008 - DATA ELEMENTS--GENERAL INFORMATION | |
| fixed length control field | 240216b |||||||| |||| 00| 0 eng d |
| 022 ## - INTERNATIONAL STANDARD SERIAL NUMBER | |
| International Standard Serial Number | 10233806 |
| 041 ## - LANGUAGE CODE | |
| Language code of text | English |
| 082 ## - SHELF NUMBER | |
| DDC number | 349 BUT |
| 100 ## - MAIN AUTHOR | |
| Language of a work | English |
| 245 ## - TITLE STATEMENT | |
| Title | Butterworths Law Reports : Labour Law |
| 260 ## - PUBLICATION, DISTRIBUTION, ETC. | |
| Place of publication, distribution, etc. | Durban : |
| Name of publisher, distributor, etc. | Butterworth Publishers (Pty) Ltd, |
| Date of publication, distribution, etc. | 1994 |
| 300 ## - PHYSICAL DESCRIPTION | |
| Other physical details | xi, 129 pages ; |
| Dimensions | 25 cm. |
| 650 ## - SUBJECT` | |
| Broad subject | Legal practice |
| Own subject terms | Law |
| 942 ## - ADDED ENTRY ELEMENTS (KOHA) | |
| Item type | Books |
| 942 ## - ADDED ENTRY ELEMENTS (KOHA) | |
| -- | ALISON_BN_VRIES |
| Source of classification or shelving scheme | Volume number (bound volume or other part) | Not for loan | Collection code | Home library | Current library | Shelving location | Date acquired | Full call number | Barcode | Price effective from | Koha item type |
|---|---|---|---|---|---|---|---|---|---|---|---|
| Dewey Decimal Classification | July 1994 No 7 | SERIES | LAW SOCIETY OF NAMIBIA LIBRARY - WINDHOEK | LAW SOCIETY OF NAMIBIA LIBRARY - WINDHOEK | Labour law | 02/19/2024 | 349 BUT | LSN/2023/0361 | 02/19/2024 | Books | |
| Dewey Decimal Classification | August 1994 No 8 | SERIES | LAW SOCIETY OF NAMIBIA LIBRARY - WINDHOEK | LAW SOCIETY OF NAMIBIA LIBRARY - WINDHOEK | Labour law | 02/19/2024 | 349 BUT | LSN/2023/0362 | 02/19/2024 | Books | |
| Dewey Decimal Classification | September 1994 No 9 | SERIES | LAW SOCIETY OF NAMIBIA LIBRARY - WINDHOEK | LAW SOCIETY OF NAMIBIA LIBRARY - WINDHOEK | Labour law | 02/19/2024 | 349 BUT | LSN/2023/0363 | 02/19/2024 | Books | |
| Dewey Decimal Classification | October 1994 No 10 | SERIES | LAW SOCIETY OF NAMIBIA LIBRARY - WINDHOEK | LAW SOCIETY OF NAMIBIA LIBRARY - WINDHOEK | Labour law | 02/19/2024 | 349 BUT | LSN/2023/0364 | 02/19/2024 | Books | |
| Dewey Decimal Classification | November 1994 No 11 | SERIES | LAW SOCIETY OF NAMIBIA LIBRARY - WINDHOEK | LAW SOCIETY OF NAMIBIA LIBRARY - WINDHOEK | Labour law | 02/19/2024 | 349 BUT | LSN/2023/0365 | 02/19/2024 | Books | |
| Dewey Decimal Classification | December 1994 No 12 | SERIES | LAW SOCIETY OF NAMIBIA LIBRARY - WINDHOEK | LAW SOCIETY OF NAMIBIA LIBRARY - WINDHOEK | Labour law | 02/19/2024 | 349 BUT | LSN/2023/0366 | 02/19/2024 | Books |
